书目信息 |
| 题名: |
快速精通ISO14001:2004
|
|
| 作者: | 齐善乐 , 周菲 , 张颖 主编 | |
| 分册: | ||
| 出版信息: | 北京 中国标准出版社 2007.09 |
|
| 页数: | 393页 | |
| 开本: | 26cm | |
| 丛书名: | 管理体系培训、理解、实施一本通丛书 | |
| 单 册: | ||
| 中图分类: | X32 | |
| 科图分类: | ||
| 主题词: | 环境管理--huan jing guan li--体系--国际标准 | |
| 电子资源: | ||
| ISBN: | 978-7-5066-4546-1 | |
| 000 | 01156nam 2200289 450 | |
| 001 | 012008203947 | |
| 005 | 20080510085828.10 | |
| 010 | @a978-7-5066-4546-1@dCNY58.00 | |
| 100 | @a20080510d2007 em y0chiy0120 ea | |
| 101 | 0 | @achi |
| 102 | @aCN@b110000 | |
| 105 | @ay a 000yy | |
| 106 | @ar | |
| 200 | 1 | @a快速精通ISO14001:2004@Akuai su jing tong ISO14001:2004@f齐善乐, 周菲, 张颖主编@Fqi shan yue,zhou fei,zhang ying zhu bian |
| 210 | @a北京@c中国标准出版社@d2007.09 | |
| 215 | @a393页@d26cm | |
| 225 | 2 | @a管理体系培训、理解、实施一本通丛书@Aguan li ti xi pei xun、li jie、shi shi yi ben tong cong shu |
| 320 | @a有书目 | |
| 330 | @a本书主要内容包括员工快速精通标准、标准要点精解、环境保护法律法规和其他要求、环境管理体系文件的编写和示例、环境管理体系内部审核、内审员快速精通审核、环境管理体系审核检查表的编写和示例等。 | |
| 410 | 0 | @12001 @a管理体系培训、理解、实施一本通丛书 |
| 606 | 0 | @a环境管理@Ahuan jing guan li@x体系@x国际标准 |
| 690 | @aX32@v4 | |
| 701 | 0 | @a齐善乐@Aqi shan yue@4主编 |
| 701 | 0 | @a周菲@Azhou fei@4主编 |
| 701 | 0 | @a张颖@Azhang ying@4主编 |
| 801 | 0 | @aCN@bQSSK@c20080510 |
| 905 | @b709529-31@dX32@eQ063@f3 | |
| 快速精通ISO14001:2004/齐善乐, 周菲, 张颖主编.-北京:中国标准出版社,2007.09 |
| 393页;26cm.-(管理体系培训、理解、实施一本通丛书) |
| ISBN 978-7-5066-4546-1:CNY58.00 |
| 本书主要内容包括员工快速精通标准、标准要点精解、环境保护法律法规和其他要求、环境管理体系文件的编写和示例、环境管理体系内部审核、内审员快速精通审核、环境管理体系审核检查表的编写和示例等。 |
| ● |
| 相关链接 |
|
|
|
正题名:快速精通ISO14001:2004
索取号:X32/Q063
 
预约/预借
| 序号 | 登录号 | 条形码 | 馆藏地/架位号 | 状态 | 备注 |
| 1 | 709529 | 207095294 | 自科二线400A/400A自科库 26排1列5层/ [索取号:X32/Q063] | 在馆 | |
| 2 | 709530 | 207095301 | 自科库501/501自科库 65排6列2层/ [索取号:X32/Q063] | 在馆 | |
| 3 | 709531 | 207095310 | 自科库501/501自科库 65排6列2层/ [索取号:X32/Q063] | 在馆 |